| 000 | 01124nam a2200253Ia 4500 | ||
|---|---|---|---|
| 999 |
_c56235 _d56235 |
||
| 001 | 23337 | ||
| 003 | GE_BSU | ||
| 005 | 20260114204051.0 | ||
| 008 | 181216s1972||||ge |||||||||||||| ||geo|| | ||
| 040 | _cGE_BSU | ||
| 041 | _ageo | ||
| 080 | _a94(479.22)"1121 მ-58 | ||
| 100 |
_aმესხია, შოთა _91428 |
||
| 245 |
_aძლევაი საკვირველი : _bდიდგორის ბრძოლა და თბილისის შემოერთება / _cშოთა მესხიძე ; მხატვ.: მ.ახობაძე. |
||
| 264 |
_aთბილისი : _bმეცნიერება, _c1972. |
||
| 300 |
_a163 გვ. : _bილ. ; _c21 სმ. |
||
| 541 | _h1ლ.70თ. | ||
| 653 | _aდიდგორის ბრძოლა | ||
| 653 | _aისტორია | ||
| 653 | _aძლევაი საკვირველი | ||
| 653 | _a დიდგორის ბრძოლა და თბილისის შემოერთება | ||
| 700 |
_aახობაძე, მ. _eმხატვარი _926682 |
||
| 942 |
_cBK _2udc |
||